A student's introduction to English grammar / (Record no. 2144)

MARC details
000 -LEADER
fixed length control field 02416cam a22003495a 4500
003 - CONTROL NUMBER IDENTIFIER
control field EG-ScBUE
005 - DATE AND TIME OF LATEST TRANSACTION
control field 20220516114316.0
008 - FIXED-LENGTH DATA ELEMENTS--GENERAL INFORMATION
fixed length control field 181017r20062005enka f b 001 0 eng d
020 ## - INTERNATIONAL STANDARD BOOK NUMBER
International Standard Book Number 0521612888 (pbk.)
020 ## - INTERNATIONAL STANDARD BOOK NUMBER
International Standard Book Number 9780521612883
040 ## - CATALOGING SOURCE
Original cataloging agency EG-ScBUE
Language of cataloging eng
Description conventions rda
Transcribing agency EG-ScBUE
Modifying agency EG-ScBUE
082 04 - DEWEY DECIMAL CLASSIFICATION NUMBER
Classification number 425
Item number HUD
Edition number 22
100 1# - MAIN ENTRY--PERSONAL NAME
Personal name Huddleston, Rodney D.,
Relator term author.
245 12 - TITLE STATEMENT
Title A student's introduction to English grammar /
Statement of responsibility, etc Rodney Huddleston, University of Queensland, Geoffrey K. Pullum, University of California, Santa Cruz.
250 ## - EDITION STATEMENT
Edition statement Reprinted with correction.
264 #1 - PUBLICATION, DISTRIBUTION, ETC. (IMPRINT)
Place of publication, distribution, etc Cambridge :
Name of publisher, distributor, etc Cambridge University Press,
Date of publication, distribution, etc 2006.
300 ## - PHYSICAL DESCRIPTION
Extent viii, 312 pages :
Other physical details illustrations ;
Dimensions 26 cm
336 ## - CONTENT TYPE
Source rdacontent
Content type term text
Content type code txt
337 ## - MEDIA TYPE
Source rdamedia
Media type term unmediated
Media type code n
338 ## - CARRIER TYPE
Source rdacarrier
Carrier type term volume
Carrier type code nc
504 ## - BIBLIOGRAPHY, ETC. NOTE
Bibliography, etc Includes bibliographical references and index.
505 0# - FORMATTED CONTENTS NOTE
Formatted contents note A rapid overview -- Verbs, tense, aspect, and mood -- Clause structure, complements, and adjuncts -- Nouns and noun phrases -- Adjectives and adverbs -- Prepositions and preposition phrases -- Negation and related phenomena --<br/>Clause type: asking, exclaiming, and directing -- Subordination and content clauses -- Relative clauses -- Grade and comparison -- Non-finite clauses and clauses without verbs --<br/>Coordination and more -- Information packaging in the clause -- Morphology: words and lexemes.
520 ## - SUMMARY, ETC.
Summary, etc "This book is intended for students in colleges or universities who have little or no previous background in grammar, and presupposes no linguistics. It contains exercises and a wealth of other features, and will provide a basis for introductions to grammar and courses on the structure of English not only in linguistics departments but also in English language and literature departments and schools of education. Students will achieve an accurate understanding of grammar that will both enhance their language skills and provide a solid grounding for further linguistic study."--Jacket.
650 #7 - SUBJECT ADDED ENTRY--TOPICAL TERM
Topical term or geographic name as entry element English language
General subdivision Grammar.
Source of heading or term BUEsh
651 ## - SUBJECT ADDED ENTRY--GEOGRAPHIC NAME
Source of heading or term BUEsh
653 ## - INDEX TERM--UNCONTROLLED
Resource For college Humanities: English
Arrived date list October2018
655 ## - INDEX TERM--GENRE/FORM
Form subdivision Reading book
9 (RLIN) 34232
700 1# - ADDED ENTRY--PERSONAL NAME
Personal name Pullum, Geoffrey K.,
Relator term author.
856 42 - ELECTRONIC LOCATION AND ACCESS
Materials specified Publisher description
Uniform Resource Identifier <a href="http://www.loc.gov/catdir/enhancements/fy0632/2005280470-d.html">http://www.loc.gov/catdir/enhancements/fy0632/2005280470-d.html</a>
856 42 - ELECTRONIC LOCATION AND ACCESS
Materials specified Table of contents only
Uniform Resource Identifier <a href="http://www.loc.gov/catdir/enhancements/fy0632/2005280470-t.html">http://www.loc.gov/catdir/enhancements/fy0632/2005280470-t.html</a>
942 ## - ADDED ENTRY ELEMENTS (KOHA)
Source of classification or shelving scheme Dewey Decimal Classification
Koha item type Book - Borrowing
Holdings
Withdrawn status Lost status Damaged status Not for loan Home library Current library Shelving location Date acquired Source of acquisition Total Checkouts Full call number Barcode Date last seen Cost, replacement price Price effective from Koha item type
        Central Library Central Library Second Floor 07/02/2012 Purchase   425 HUD 000002222 15/07/2025 147.30 12/02/2007 Book - Borrowing
        Central Library Central Library Second Floor 07/02/2012 Purchase   425 HUD 000002104 15/07/2025 147.00 12/02/2007 Book - Borrowing